[Event "18. Open de Sants Hostafrancs 2016 - C"]
[Site "Barcelona ESP"]
[Date "2016.08.19"]
[Round "1.1"]
[White "Ros Gorne, Ramon"]
[Black "Delgado Camara, Lluis Felix"]
[Result "0-1"]
[WhiteElo "1561"]
[BlackElo "1792"]
[PlyCount "40"]
[EventDate "2016.08.19"]
[EventType "swiss"]
[EventRounds "10"]
[EventCountry "ESP"]
[SourceTitle "Ajedrez en Madrid"]
[Source "lmi"]
[SourceDate "2016.08.19"]

1. e4 e6 2. d4 d5 3. Nd2 Nf6 4. e5 Nfd7 5. Bd3 c5 6. c3 Nc6 7. Ne2 cxd4 8. cxd4
f6 9. exf6 Nxf6 10. O-O Bd6 11. Nf3 Qc7 12. a3 O-O 13. h3 Bd7 14. b4 a6 15. Qc2
Rac8 16. Qb2 e5 17. dxe5 Nxe5 18. Nf4 Nxf3+ 19. gxf3 Bxf4 20. Bd2 Be5 0-1

[Event "18. Open de Sants Hostafrancs 2016 - C"]
[Site "Barcelona ESP"]
[Date "2016.08.19"]
[Round "1.2"]
[White "Lorenzo Gallardo, Eduard"]
[Black "Siegel, Rainer"]
[Result "1/2-1/2"]
[WhiteElo "1791"]
[BlackElo "1559"]
[PlyCount "135"]
[EventDate "2016.08.19"]
[EventType "swiss"]
[EventRounds "10"]
[EventCountry "ESP"]
[SourceTitle "Ajedrez en Madrid"]
[Source "lmi"]
[SourceDate "2016.08.19"]

1. e4 c6 2. Nf3 d6 3. d4 g6 4. c3 Bg7 5. Bc4 d5 6. exd5 cxd5 7. Bb3 Nf6 8. h3
Nc6 9. Be3 O-O 10. Qc1 Re8 11. O-O Ne4 12. Nbd2 e6 13. Bc2 Nd6 14. Re1 Bd7 15.
Bf4 Nf5 16. Nb3 b6 17. Bxf5 exf5 18. Qd2 Rxe1+ 19. Rxe1 Qf8 20. Ne5 Be8 21. Nc1
f6 22. Nxc6 Bxc6 23. h4 h6 24. Qc2 Bd7 25. Nd3 g5 26. hxg5 hxg5 27. Bc1 f4 28.
Qe2 Re8 29. Qf3 Rxe1+ 30. Nxe1 Qd6 31. g3 Qe6 32. Qd1 fxg3 33. fxg3 Bf8 34. Nd3
Bd6 35. Kf2 Kg7 36. Qf3 Qh3 37. Qg2 Qe6 38. Qf3 Qf7 39. Bd2 Be6 40. Ne1 Kg6 41.
Nc2 Bf5 42. Ne3 Be4 43. Qd1 f5 44. Qf1 f4 45. gxf4 Bxf4 46. Ke2 Qc7 47. b3 Bxe3
48. Bxe3 Qxc3 49. Qg1 Qc2+ 50. Ke1 Qb1+ 51. Ke2 Qxg1 52. Bxg1 Kf5 53. Ke3 Ke6
54. Bh2 Kd7 55. Kd2 Kc6 56. Kc3 Kd7 57. Kd2 Ke6 58. Ke3 Kf5 59. Bb8 a6 60. a3
Bc2 61. Bc7 b5 62. b4 Kg4 63. Bd8 Kf5 64. Bc7 g4 65. Be5 Kg5 66. Bg3 Bd1 67.
Bf2 Bf3 68. Bg3 1/2-1/2

[Event "18. Open de Sants Hostafrancs 2016 - C"]
[Site "Barcelona ESP"]
[Date "2016.08.19"]
[Round "1.3"]
[White "Febrero Perez, Lluis"]
[Black "Muratet Carmona, Julia"]
[Result "0-1"]
[WhiteElo "1555"]
[BlackElo "1786"]
[PlyCount "70"]
[EventDate "2016.08.19"]
[EventType "swiss"]
[EventRounds "10"]
[EventCountry "ESP"]
[SourceTitle "Ajedrez en Madrid"]
[Source "lmi"]
[SourceDate "2016.08.19"]

1. e4 c5 2. Nf3 e6 3. Nc3 Nc6 4. d4 cxd4 5. Nxd4 a6 6. g3 Bb4 7. Nxc6 Bxc3+ 8.
Bd2 Bxd2+ 9. Qxd2 bxc6 10. Bg2 Nf6 11. e5 Ng4 12. Qf4 Qa5+ 13. c3 Qxe5+ 14.
Qxe5 Nxe5 15. O-O O-O 16. f4 Nc4 17. Rf2 d5 18. b3 Nd6 19. Rd1 Ne4 20. Rc2 Bb7
21. c4 Rac8 22. Bxe4 dxe4 23. c5 a5 24. Rd4 Ba6 25. Kf2 Rcd8 26. Ra4 Bd3 27.
Rc3 Ra8 28. Ke3 Rfd8 29. Rc1 f5 30. Rd1 Rd5 31. Rc1 Bb5 32. Rd4 Rxd4 33. Kxd4
Rd8+ 34. Ke5 Kf7 35. a4 Rd5# 0-1

[Event "18. Open de Sants Hostafrancs 2016 - C"]
[Site "Barcelona ESP"]
[Date "2016.08.19"]
[Round "1.4"]
[White "Mendez Garcia, Juan Ignacio"]
[Black "Fernandez, Jose"]
[Result "1-0"]
[WhiteElo "1783"]
[BlackElo "1555"]
[PlyCount "64"]
[EventDate "2016.08.19"]
[EventType "swiss"]
[EventRounds "10"]
[EventCountry "ESP"]
[SourceTitle "Ajedrez en Madrid"]
[Source "lmi"]
[SourceDate "2016.08.19"]

1. d4 e6 2. c4 Bb4+ 3. Nc3 c5 4. a3 Bxc3+ 5. bxc3 Nc6 6. Nf3 d6 7. Bf4 Nge7 8.
Qb3 Na5 9. Qb2 b6 10. e3 O-O 11. Bd3 Bb7 12. Rb1 Ng6 13. Bg3 f6 14. Qc2 f5 15.
h4 Ba6 16. h5 Ne7 17. Ng5 Bxc4 18. Bxc4 Nxc4 19. Qa2 Nd5 20. Nxe6 Qe7 21. Nxf8
Ndxe3 22. fxe3 Qxe3+ 23. Kf1 Qd3+ 24. Kg1 Kxf8 25. Kh2 Re8 26. Rhd1 Qxc3 27.
Rbc1 Qb2 28. Qxc4 Re2 29. Bxd6+ Ke8 30. Qxe2+ Qxe2 31. Re1 Qxe1 32. Rxe1+ Kd7
1-0

[Event "18. Open de Sants Hostafrancs 2016 - C"]
[Site "Barcelona ESP"]
[Date "2016.08.19"]
[Round "1.5"]
[White "Marcer Casas, Joan Anton"]
[Black "Castellon Baeza, Jose Felipe"]
[Result "1/2-1/2"]
[WhiteElo "1553"]
[BlackElo "1782"]
[PlyCount "96"]
[EventDate "2016.08.19"]
[EventType "swiss"]
[EventRounds "10"]
[EventCountry "ESP"]
[SourceTitle "Ajedrez en Madrid"]
[Source "lmi"]
[SourceDate "2016.08.19"]

1. e4 d5 2. exd5 Nf6 3. Nc3 Nxd5 4. Nxd5 Qxd5 5. Nf3 Bg4 6. Be2 Nc6 7. O-O
O-O-O 8. c3 e5 9. d3 Be7 10. Be3 a6 11. a4 f5 12. Qc2 Bxf3 13. Bxf3 Qxd3 14.
Qb3 f4 15. Bxc6 bxc6 16. Ba7 Bd6 17. Rad1 Qg6 18. f3 Rhe8 19. Bf2 Qe6 20. Qc2
g6 21. Rfe1 Qe7 22. Qe4 Kb7 23. b4 Qe6 24. b5 axb5 25. axb5 Rb8 26. Ra1 Kc8 27.
bxc6 Kd8 28. Red1 Ke7 29. c4 Rb4 30. Rd5 Qf5 31. Qxf5 gxf5 32. c5 Ke6 33. Rad1
Bf8 34. Rd7 Re7 35. Bh4 Rf7 36. Rxf7 Bxc5+ 37. Bf2 Bxf2+ 38. Kxf2 Kxf7 39. Rd7+
Kg6 40. Rxc7 Rc4 41. Rc8 Kg7 42. h4 e4 43. fxe4 fxe4 44. c7 h6 45. Re8 Rc2+ 46.
Kf1 Rc1+ 47. Kf2 Rc2+ 48. Kf1 Rc1+ 1/2-1/2

[Event "18. Open de Sants Hostafrancs 2016 - C"]
[Site "Barcelona ESP"]
[Date "2016.08.19"]
[Round "1.6"]
[White "Alves Garcia, Eric"]
[Black "Rivera Lopez, Francisco"]
[Result "1-0"]
[WhiteElo "1782"]
[BlackElo "1549"]
[PlyCount "55"]
[EventDate "2016.08.19"]
[EventType "swiss"]
[EventRounds "10"]
[EventCountry "ESP"]
[SourceTitle "Ajedrez en Madrid"]
[Source "lmi"]
[SourceDate "2016.08.19"]

1. Nf3 g6 2. d4 Bg7 3. g3 Nf6 4. Bg2 O-O 5. O-O d5 6. c4 c6 7. Nc3 Nbd7 8. cxd5
cxd5 9. Qb3 e6 10. Bf4 Qb6 11. Nb5 a6 12. Nd6 Qxb3 13. axb3 h6 14. h4 Nh5 15.
Rfc1 Nxf4 16. gxf4 Nf6 17. Ne5 Nd7 18. Rc7 Nxe5 19. fxe5 f6 20. f4 fxe5 21.
fxe5 Rf4 22. e3 Rxh4 23. Rac1 h5 24. Rxc8+ Rxc8 25. Rxc8+ Kh7 26. Rc7 Kh6 27.
Nf7+ Kh7 28. Ng5+ 1-0

[Event "18. Open de Sants Hostafrancs 2016 - C"]
[Site "Barcelona ESP"]
[Date "2016.08.19"]
[Round "1.7"]
[White "Gonzalez Trigo, Jose Luis"]
[Black "Albert Cristobal, Jorge"]
[Result "0-1"]
[WhiteElo "1541"]
[BlackElo "1781"]
[PlyCount "24"]
[EventDate "2016.08.19"]
[EventType "swiss"]
[EventRounds "10"]
[EventCountry "ESP"]
[SourceTitle "Ajedrez en Madrid"]
[Source "lmi"]
[SourceDate "2016.08.19"]

1. e4 Nc6 2. Nf3 d5 3. exd5 Qxd5 4. Nc3 Qa5 5. d3 Bg4 6. Be2 Nf6 7. O-O e6 8.
a3 Bd6 9. Bd2 Qh5 10. h3 Bxh3 11. Ng5 Bg4 12. f4 Bc5+ 0-1

[Event "18. Open de Sants Hostafrancs 2016 - C"]
[Site "Barcelona ESP"]
[Date "2016.08.19"]
[Round "1.9"]
[White "Zheng, Hong Wei"]
[Black "Matons Calafi, Eva M"]
[Result "0-1"]
[WhiteElo "1538"]
[BlackElo "1775"]
[PlyCount "58"]
[EventDate "2016.08.19"]
[EventType "swiss"]
[EventRounds "10"]
[EventCountry "ESP"]
[SourceTitle "Ajedrez en Madrid"]
[Source "lmi"]
[SourceDate "2016.08.19"]

1. e4 e6 2. Qe2 c5 3. Nf3 Nc6 4. c3 d5 5. d3 Nge7 6. Nbd2 g6 7. Nb3 b6 8. Bf4
Bg7 9. g3 e5 10. Bd2 d4 11. c4 O-O 12. Bg2 f5 13. Bg5 Qc7 14. Bxe7 Qxe7 15.
exf5 Bxf5 16. Nfxd4 Nxd4 17. Nxd4 cxd4 18. Bxa8 Rxa8 19. O-O Qc7 20. Rfc1 h5
21. b4 Rf8 22. f3 Bh3 23. Qe4 Qf7 24. Rab1 Qxf3 25. Qxf3 Rxf3 26. Rb3 Bh6 27.
Rd1 Be3+ 28. Kh1 Rf2 29. Rg1 Bg2+ 0-1

[Event "18. Open de Sants Hostafrancs 2016 - C"]
[Site "Barcelona ESP"]
[Date "2016.08.20"]
[Round "2.1"]
[White "Delgado Camara, Lluis Felix"]
[Black "Ballester Valls, Juan Antonio"]
[Result "1-0"]
[WhiteElo "1792"]
[BlackElo "1652"]
[PlyCount "67"]
[EventDate "2016.08.19"]
[EventType "swiss"]
[EventRounds "10"]
[EventCountry "ESP"]
[SourceTitle "Ajedrez en Madrid"]
[Source "lmi"]
[SourceDate "2016.08.19"]

1. e4 b6 2. d4 Bb7 3. Bd3 e6 4. Nf3 c5 5. c3 Ne7 6. Bg5 Nbc6 7. d5 f6 8. dxc6
Nxc6 9. Bh4 Qc7 10. Nbd2 O-O-O 11. Bg3 e5 12. Qe2 g5 13. O-O-O h5 14. h3 h4 15.
Bh2 Bh6 16. Kb1 Nb8 17. Nc4 d6 18. Ne3 Bg7 19. Ng4 a6 20. Bc4 b5 21. Bd5 Nc6
22. Ne3 Kb8 23. Nf5 Rh7 24. Nd2 Bf8 25. Nf1 Qb6 26. N1e3 Na5 27. Ng4 Be7 28.
Nxe7 Rxe7 29. Nxf6 b4 30. cxb4 cxb4 31. Bxb7 Rxb7 32. Nd5 Qa7 33. Qe3 Qc5 34.
Qxc5 1-0

[Event "18. Open de Sants Hostafrancs 2016 - C"]
[Site "Barcelona ESP"]
[Date "2016.08.20"]
[Round "2.2"]
[White "Inglese, Guido"]
[Black "Mendez Garcia, Juan Ignacio"]
[Result "0-1"]
[WhiteElo "1653"]
[BlackElo "1783"]
[PlyCount "48"]
[EventDate "2016.08.19"]
[EventType "swiss"]
[EventRounds "10"]
[EventCountry "ESP"]
[SourceTitle "Ajedrez en Madrid"]
[Source "lmi"]
[SourceDate "2016.08.19"]

1. d4 d5 2. e3 Nf6 3. Bd3 Bg4 4. f3 Bh5 5. Ne2 Bg6 6. Ng3 Bxd3 7. Qxd3 c6 8.
Qb3 Qc7 9. Bd2 Nbd7 10. Bc3 e6 11. Bb4 c5 12. dxc5 Nxc5 13. Bxc5 Bxc5 14. Qa4+
Nd7 15. Ke2 O-O 16. c3 Nb6 17. Qa5 Bxe3 18. b3 Rfc8 19. Na3 Qe5 20. Kf1 Rxc3
21. Re1 Rac8 22. Ne2 Bd2 23. Rd1 Rxf3+ 24. gxf3 Bxa5 0-1

[Event "18. Open de Sants Hostafrancs 2016 - C"]
[Site "Barcelona ESP"]
[Date "2016.08.20"]
[Round "2.3"]
[White "Cutura  Sole, Alexandre"]
[Black "Alves Garcia, Eric"]
[Result "0-1"]
[WhiteElo "1650"]
[BlackElo "1782"]
[PlyCount "67"]
[EventDate "2016.08.19"]
[EventType "swiss"]
[EventRounds "10"]
[EventCountry "ESP"]
[SourceTitle "Ajedrez en Madrid"]
[Source "lmi"]
[SourceDate "2016.08.19"]

1. c4 c5 2. Nc3 Nc6 3. d3 d6 4. g3 g6 5. Bg2 Bg7 6. e4 e5 7. Nge2 Nge7 8. O-O
O-O 9. Be3 Nd4 10. Qd2 Bh3 11. Bh6 Bxg2 12. Kxg2 f5 13. Bxg7 Kxg7 14. f4 Nec6
15. Nxd4 cxd4 16. Nd5 Ne7 17. Nxe7 Qxe7 18. exf5 gxf5 19. Rae1 Rae8 20. Rf2 h6
21. Rfe2 b5 22. b3 Qc7 23. Qb4 bxc4 24. bxc4 Qc6+ 25. Kf2 e4 26. dxe4 fxe4 27.
Qb5 Qxb5 28. cxb5 d5 29. a4 d3 30. Re3 Rc8 31. Rxd3 exd3 32. Rd1 Rc2+ 33. Ke3
d4+ 34. Kxd4 0-1

[Event "18. Open de Sants Hostafrancs 2016 - C"]
[Site "Barcelona ESP"]
[Date "2016.08.20"]
[Round "2.4"]
[White "Albert Cristobal, Jorge"]
[Black "Asensio Graells, Ricard"]
[Result "1-0"]
[WhiteElo "1781"]
[BlackElo "1640"]
[PlyCount "67"]
[EventDate "2016.08.19"]
[EventType "swiss"]
[EventRounds "10"]
[EventCountry "ESP"]
[SourceTitle "Ajedrez en Madrid"]
[Source "lmi"]
[SourceDate "2016.08.19"]

1. e4 d5 2. d4 dxe4 3. Nc3 Nf6 4. f3 exf3 5. Qxf3 e6 6. Bd3 c6 7. Nge2 h6 8.
O-O Nbd7 9. Ng3 Be7 10. Nce4 Nf8 11. Nh5 Qxd4+ 12. Be3 Qe5 13. Nxg7+ Kd8 14.
Nxf6 Qxb2 15. Rad1 Nd7 16. Nxd7 Qxg7 17. Nf6 e5 18. Nh5 Qf8 19. Qxf7 Kc7 20.
Qxf8 Rxf8 21. Rxf8 Bxf8 22. Rf1 Be6 23. a4 c5 24. Nf6 Kb6 25. Rb1+ Kc7 26. Be4
Rb8 27. h3 a6 28. Bd3 Be7 29. Ne4 c4 30. Be2 Rg8 31. Kh2 Bd5 32. Bf3 h5 33. Nf6
Bxf6 34. Bxd5 1-0

[Event "18. Open de Sants Hostafrancs 2016 - C"]
[Site "Barcelona ESP"]
[Date "2016.08.20"]
[Round "2.5"]
[White "Fungueirino Pique, Daniel"]
[Black "Alquezar Calpena, Marc"]
[Result "0-1"]
[WhiteElo "1649"]
[BlackElo "1779"]
[PlyCount "82"]
[EventDate "2016.08.19"]
[EventType "swiss"]
[EventRounds "10"]
[EventCountry "ESP"]
[SourceTitle "Ajedrez en Madrid"]
[Source "lmi"]
[SourceDate "2016.08.19"]

1. Nf3 d5 2. d4 Nf6 3. e3 h6 4. Nbd2 Bf5 5. c4 e6 6. Be2 c6 7. O-O Bd6 8. Ne5
Ne4 9. Nxe4 Bxe4 10. cxd5 exd5 11. Bf3 Bxe5 12. Bxe4 Bxh2+ 13. Kxh2 Qh4+ 14.
Kg1 Qxe4 15. f3 Qe7 16. Bd2 O-O 17. a3 Nd7 18. Re1 Rfe8 19. Rc1 Nb6 20. Bb4 Qg5
21. f4 Qg3 22. Rc3 Re4 23. Qf3 Qxe1+ 24. Kh2 Qh4+ 25. Kg1 Rae8 26. g3 Qh3 27.
b3 R8e6 28. f5 Rf6 29. Qg2 Qxg2+ 30. Kxg2 Rxf5 31. Bd6 a6 32. a4 Nd7 33. a5 Nf6
34. Ba3 Ng4 35. Bc1 Rf2+ 36. Kg1 Ra2 37. b4 Nh2 38. Rd3 Nf3+ 39. Kf1 Rg4 40.
Ra3 Rxa3 41. Bxa3 Nd2+ 0-1

[Event "18. Open de Sants Hostafrancs 2016 - C"]
[Site "Barcelona ESP"]
[Date "2016.08.20"]
[Round "2.6"]
[White "Matons Calafi, Eva M"]
[Black "Mas Sayos, Lluis"]
[Result "1-0"]
[WhiteElo "1775"]
[BlackElo "1636"]
[PlyCount "103"]
[EventDate "2016.08.19"]
[EventType "swiss"]
[EventRounds "10"]
[EventCountry "ESP"]
[SourceTitle "Ajedrez en Madrid"]
[Source "lmi"]
[SourceDate "2016.08.19"]

1. e4 c5 2. Nf3 Nc6 3. d3 Nf6 4. g3 g6 5. Bg2 Bg7 6. O-O O-O 7. c3 d6 8. Nbd2
Bg4 9. h3 Bd7 10. Re1 Qc7 11. Nf1 Rfd8 12. Bg5 h6 13. Bd2 Ne5 14. Nxe5 dxe5 15.
Qe2 Bc6 16. Red1 Rd7 17. Be3 b6 18. Nh2 Rad8 19. Rd2 Bb5 20. c4 Bc6 21. a3 Qd6
22. Rb1 Qc7 23. b4 cxb4 24. axb4 a5 25. bxa5 bxa5 26. Bb6 Qb7 27. Rdb2 Rc8 28.
Bxa5 Qa7 29. Bc3 Qc5 30. Rb8 Rxb8 31. Rxb8+ Kh7 32. Nf3 Nh5 33. Kh2 Bf6 34. Bf1
Qd6 35. Qb2 Qc7 36. Bxe5 Qa7 37. Bxf6 exf6 38. Rb6 Rb7 39. Rxb7 Bxb7 40. Bg2
Bc8 41. Ne1 Be6 42. Bf3 Ng7 43. Ng2 h5 44. Ne3 Qd7 45. Nd5 Ne8 46. Bg2 Qa7 47.
Nxf6+ Nxf6 48. Qxf6 Qa3 49. Qd4 Qc1 50. c5 h4 51. Qe3 hxg3+ 52. Kxg3 1-0

[Event "18. Open de Sants Hostafrancs 2016 - C"]
[Site "Barcelona ESP"]
[Date "2016.08.20"]
[Round "2.7"]
[White "Petit Montes, Marc"]
[Black "Moreno Oller, Victor"]
[Result "1-0"]
[WhiteElo "1770"]
[BlackElo "1635"]
[PlyCount "85"]
[EventDate "2016.08.19"]
[EventType "swiss"]
[EventRounds "10"]
[EventCountry "ESP"]
[SourceTitle "Ajedrez en Madrid"]
[Source "lmi"]
[SourceDate "2016.08.19"]

1. b3 e5 2. Bb2 Nc6 3. e3 d5 4. Bb5 Bd6 5. Nf3 Bd7 6. Bxc6 Bxc6 7. Nxe5 Qf6 8.
Nc4 Qg6 9. Nxd6+ cxd6 10. O-O d4 11. f3 dxe3 12. dxe3 Nf6 13. Qxd6 Rd8 14. Qe5+
Kd7 15. Na3 Rhe8 16. Rad1+ Kc8 17. Rxd8+ Rxd8 18. Bd4 Rd5 19. Qg3 Rg5 20. Qf2
h5 21. Bxf6 gxf6 22. Nc4 h4 23. e4 f5 24. Ne5 Qg7 25. Nxc6 bxc6 26. exf5 Rxf5
27. Qxh4 Rg5 28. Qf2 f5 29. Rd1 f4 30. Qe2 Kc7 31. Qd2 Rd5 32. Qxf4+ Kb7 33.
Rxd5 cxd5 34. Qd2 Qe5 35. g3 d4 36. Kf2 Kc6 37. Qe2 Qc5 38. Qc4 Qxc4 39. bxc4
Kc5 40. Ke2 Kxc4 41. Kd2 Kd5 42. Kd3 Ke5 43. f4+ 1-0

[Event "18. Open de Sants Hostafrancs 2016 - C"]
[Site "Barcelona ESP"]
[Date "2016.08.20"]
[Round "2.8"]
[White "Vicente Bessen, Kirian"]
[Black "Romero Gamez, Francisco Javier"]
[Result "1-0"]
[WhiteElo "1766"]
[BlackElo "1626"]
[PlyCount "117"]
[EventDate "2016.08.19"]
[EventType "swiss"]
[EventRounds "10"]
[EventCountry "ESP"]
[SourceTitle "Ajedrez en Madrid"]
[Source "lmi"]
[SourceDate "2016.08.19"]

1. Nf3 Nf6 2. Nc3 d5 3. d4 g6 4. Bg5 Bg7 5. Qd2 O-O 6. Bh6 c6 7. Bxg7 Kxg7 8.
h3 b5 9. a4 b4 10. Na2 a5 11. e3 Ba6 12. Bxa6 Nxa6 13. O-O c5 14. c3 b3 15. Nc1
c4 16. Ne2 Nc7 17. Ne5 Ne6 18. f4 Ne4 19. Qe1 f5 20. Ng3 Nxg3 21. Qxg3 Qd6 22.
h4 Nd8 23. h5 Nf7 24. Kf2 Nxe5 25. dxe5 Qd7 26. Rh1 Rh8 27. Qg5 Rae8 28. Rh3
Qd8 29. Rg3 e6 30. h6+ Kf7 31. Rd1 Qxg5 32. Rxg5 Rhg8 33. g4 Rb8 34. Rd4 Rbd8
35. Kg3 Ke7 36. gxf5 exf5 37. Kh4 Ke6 38. Rd1 Rd7 39. Rdg1 Rdd8 40. Kg3 Rd7 41.
Kf3 Rdd8 42. R5g2 Rb8 43. Rd2 Rb7 44. Rgd1 Rd7 45. Rd4 Rgd8 46. Kg3 Rb8 47. Kh4
Rbd8 48. Kg5 Rb8 49. R1d2 Rbd8 50. Rf2 Rf8 51. Rf1 Rfd8 52. e4 dxe4 53. Rxc4
Rd2 54. Rc6+ Ke7 55. Rc7+ R8d7 56. Rxd7+ Kxd7 57. Kf6 Kc6 58. e6 Rd6 59. Kf7
1-0

[Event "18. Open de Sants Hostafrancs 2016 - C"]
[Site "Barcelona ESP"]
[Date "2016.08.20"]
[Round "2.9"]
[White "Volpati, Antonio"]
[Black "Monteagudo Aguilera, Maximo"]
[Result "0-1"]
[WhiteElo "1622"]
[BlackElo "1759"]
[PlyCount "104"]
[EventDate "2016.08.19"]
[EventType "swiss"]
[EventRounds "10"]
[EventCountry "ESP"]
[SourceTitle "Ajedrez en Madrid"]
[Source "lmi"]
[SourceDate "2016.08.19"]

1. e4 e5 2. Nf3 Nc6 3. Bb5 a6 4. Ba4 Nf6 5. O-O b5 6. Bb3 Be7 7. Re1 d6 8. h3
O-O 9. c3 Na5 10. Bc2 c5 11. d4 Nc6 12. Nbd2 Qc7 13. Nf1 Bd7 14. Ne3 Rad8 15.
Nd5 Qc8 16. dxe5 dxe5 17. Nxe5 Nxd5 18. exd5 Nxe5 19. Rxe5 Bf6 20. Re3 Bf5 21.
Bxf5 Qxf5 22. d6 Be5 23. Rd3 Rd7 24. Be3 Rfd8 25. Bxc5 Bh2+ 26. Kxh2 Qxc5 27.
Qe2 Rxd6 28. Rad1 h6 29. Rxd6 Rxd6 30. Rxd6 Qxd6+ 31. g3 Qd5 32. b3 Kf8 33. c4
bxc4 34. bxc4 Qc5 35. Kg2 a5 36. Qd3 Ke7 37. Qe4+ Kf6 38. Qf4+ Ke6 39. Qe3+
Qxe3 40. fxe3 Kd6 41. Kf2 Kc5 42. Ke2 Kxc4 43. Kd2 a4 44. Kc2 a3 45. Kd2 f5 46.
Kc2 g5 47. h4 Kd5 48. Kd3 Ke5 49. Kd2 Ke4 50. hxg5 hxg5 51. Ke2 g4 52. Kf2 Kd3
0-1

[Event "18. Open de Sants Hostafrancs 2016 - C"]
[Site "Barcelona ESP"]
[Date "2016.08.20"]
[Round "2.10"]
[White "Martin Sanchez, Antoni"]
[Black "Albert Estebanez, Carles"]
[Result "0-1"]
[WhiteElo "1617"]
[BlackElo "1756"]
[PlyCount "96"]
[EventDate "2016.08.19"]
[EventType "swiss"]
[EventRounds "10"]
[EventCountry "ESP"]
[SourceTitle "Ajedrez en Madrid"]
[Source "lmi"]
[SourceDate "2016.08.19"]

1. d4 Nf6 2. Nf3 d6 3. Nbd2 g6 4. c3 Bf5 5. g3 Bg7 6. Bg2 O-O 7. O-O c6 8. Re1
d5 9. Nh4 Bc8 10. e4 dxe4 11. Nxe4 Nxe4 12. Rxe4 e5 13. Nf3 exd4 14. Bg5 Qd5
15. Qe1 Bf5 16. Re8 Nd7 17. Rxa8 Rxa8 18. Nxd4 Be4 19. Qxe4 Qxg5 20. Re1 Nf6
21. Qc2 Nd5 22. Nf3 Qf6 23. Qe4 Qd8 24. Bf1 Qb6 25. Qc2 Rd8 26. Kg2 Qc7 27. Rd1
Qd7 28. Kg1 Qc7 29. Qd3 Bf6 30. Qc2 Qb6 31. Bc4 Qc5 32. Be2 Kg7 33. Kg2 Re8 34.
Qd3 Rd8 35. Qe4 Qb6 36. Qc2 Re8 37. Bc4 Nc7 38. Nd4 Bxd4 39. Rxd4 c5 40. Rf4
Qc6+ 41. Rf3 b5 42. Be2 Ne6 43. h4 c4 44. Qd2 Nc5 45. Qd4+ Kg8 46. Bxc4 bxc4
47. Qxc4 Re6 48. Qd4 Nd7 0-1

[Event "18. Open de Sants Hostafrancs 2016 - C"]
[Site "Barcelona ESP"]
[Date "2016.08.21"]
[Round "3.1"]
[White "Baroukh, Leon"]
[Black "Delgado Camara, Lluis Felix"]
[Result "1-0"]
[WhiteElo "1720"]
[BlackElo "1792"]
[PlyCount "141"]
[EventDate "2016.08.19"]
[EventType "swiss"]
[EventRounds "10"]
[EventCountry "ESP"]
[SourceTitle "Ajedrez en Madrid"]
[Source "lmi"]
[SourceDate "2016.08.19"]

1. d4 e6 2. c4 f5 3. Nf3 Nf6 4. Nc3 d5 5. cxd5 exd5 6. Bg5 c6 7. e3 Bd6 8. Bd3
O-O 9. Qc2 Qd7 10. Bxf6 Rxf6 11. Nh4 g6 12. O-O-O b5 13. Qb3 Be7 14. Nf3 a5 15.
Bxb5 cxb5 16. Nxd5 Rc6+ 17. Nc3+ Rc4 18. Ne5 a4 19. Qxc4+ bxc4 20. Nxd7 Bxd7
21. d5 a3 22. Rd4 Na6 23. Rxc4 axb2+ 24. Kxb2 Rb8+ 25. Kc2 Nb4+ 26. Kd2 Bb5 27.
Rc7 Bd6 28. Ra7 Be5 29. a4 Bc4 30. Rd7 Na6 31. Rb1 Rc8 32. Nb5 Nc5 33. Re7 Ne4+
34. Ke1 Bf6 35. Rc7 Rxc7 36. Nxc7 Bc3+ 37. Kd1 Nxf2+ 38. Kc1 Ne4 39. Rb8+ Kg7
40. Rd8 Bd2+ 41. Kc2 Bxe3 42. a5 Nc5 43. Rc8 Kf6 44. a6 Bxa6 45. Nxa6 Nxa6 46.
Rc6+ Ke5 47. Re6+ Kd4 48. Rxa6 Kxd5 49. Kd3 Bc5 50. Ra4 h5 51. Ke2 g5 52. Kf3
Bd6 53. Ra5+ Ke6 54. g3 Bc7 55. Rb5 Bd6 56. h3 g4+ 57. Kg2 Kf6 58. Rb6 Ke5 59.
h4 Kd5 60. Rb5+ Ke6 61. Rb7 Be7 62. Rb8 Bf6 63. Rb5 Be5 64. Rb7 Kd5 65. Rh7 Ke4
66. Rxh5 f4 67. gxf4 Kxf4 68. Rh7 g3 69. Ra7 Kg4 70. Ra4+ Kh5 71. Ra5 1-0

[Event "18. Open de Sants Hostafrancs 2016 - C"]
[Site "Barcelona ESP"]
[Date "2016.08.21"]
[Round "3.2"]
[White "Mendez Garcia, Juan Ignacio"]
[Black "Reverdy, Micah Fabrice"]
[Result "0-1"]
[WhiteElo "1783"]
[BlackElo "1718"]
[PlyCount "88"]
[EventDate "2016.08.19"]
[EventType "swiss"]
[EventRounds "10"]
[EventCountry "ESP"]
[SourceTitle "Ajedrez en Madrid"]
[Source "lmi"]
[SourceDate "2016.08.19"]

1. d4 d5 2. Nf3 Nf6 3. b3 Bf5 4. e3 e6 5. Bb2 Bb4+ 6. Nbd2 Ne4 7. a3 Bc3 8. Qc1
Bxb2 9. Qxb2 Nd7 10. Be2 Ndf6 11. h3 h6 12. O-O O-O 13. c4 c6 14. Ne5 Nxd2 15.
Qxd2 Ne4 16. Qb4 f6 17. Nd3 Qb6 18. Qxb6 axb6 19. Nc1 Ra5 20. Bd3 dxc4 21. bxc4
Rfa8 22. Rb1 Nd2 23. Bxf5 exf5 24. Nb3 Nxb1 25. Nxa5 Nxa3 26. Nxb7 Nxc4 27. Rc1
b5 28. Nc5 Kf7 29. Nb7 Ke7 30. Nc5 Ra7 31. Nb3 Kd6 32. Nc5 Kd5 33. Nb3 Ra3 34.
Nc5 f4 35. exf4 Kxd4 36. Ne6+ Kd3 37. Nxg7 b4 38. Ne6 Ra5 39. Rb1 c5 40. g4 Kc2
41. Re1 b3 42. g5 hxg5 43. fxg5 fxg5 44. Re4 Nd2 0-1

[Event "18. Open de Sants Hostafrancs 2016 - C"]
[Site "Barcelona ESP"]
[Date "2016.08.21"]
[Round "3.3"]
[White "Alves Garcia, Eric"]
[Black "Werkhoven, Gerard"]
[Result "0-1"]
[WhiteElo "1782"]
[BlackElo "1714"]
[PlyCount "134"]
[EventDate "2016.08.19"]
[EventType "swiss"]
[EventRounds "10"]
[EventCountry "ESP"]
[SourceTitle "Ajedrez en Madrid"]
[Source "lmi"]
[SourceDate "2016.08.19"]

1. d4 d5 2. c4 c6 3. Nf3 Nf6 4. e3 e6 5. Qc2 Nbd7 6. Nc3 Bd6 7. b3 O-O 8. Bb2
Re8 9. Bd3 dxc4 10. bxc4 c5 11. O-O cxd4 12. exd4 h6 13. Ne4 Nxe4 14. Bxe4 Nf6
15. Bd3 b6 16. c5 Bc7 17. Bb5 Bd7 18. c6 Bc8 19. Bd3 Nd5 20. Be4 Ba6 21. Rfe1
Bb5 22. a4 Ba6 23. Ba3 Nf6 24. Rad1 Nxe4 25. Qxe4 Bc4 26. Ne5 Bd5 27. Qg4 Qg5
28. Qxg5 hxg5 29. Rc1 f6 30. Nd3 a5 31. Rc3 Kf7 32. Nb2 Rh8 33. g3 Rh3 34. Re2
g4 35. Nc4 Rah8 36. f4 gxf3 37. Rb2 f2+ 38. Kxf2 Rxh2+ 39. Ke3 Rxb2 40. Bxb2
Bxc4 41. Rxc4 Rh3 42. Bc1 Rxg3+ 43. Kf2 Rg4 44. Be3 e5 45. Kf3 f5 46. Bf2 Ke6
47. Rc1 e4+ 48. Ke2 Kd5 49. Rb1 Kxc6 50. Rb5 f4 51. d5+ Kb7 52. d6 Bxd6 53.
Bxb6 Kc6 54. Bxa5 f3+ 55. Kf1 Bc5 56. Ke1 f2+ 57. Ke2 Rg1 58. Rxc5+ Kxc5 59.
Kxf2 Ra1 60. Bc3 Rxa4 61. Bxg7 Kd5 62. Bh6 Kd4 63. Ke2 Ra2+ 64. Ke1 Kd3 65. Bg7
Rg2 66. Bf8 e3 67. Kf1 Rf2+ 0-1